Ratchet effects in currency substitution an application to the Kyrgyz Republic

Guardado en:
Detalles Bibliográficos
Autor principal: Mongardini, Joannes
Otros Autores: Mueller, Johannes
Formato: Libro
Lenguaje:inglés
Publicado: Washington International Monetary Fund 1999
Colección:IMF Working Paper WP/99/102
Materias:
Etiquetas: Agregar Etiqueta
Sin Etiquetas, Sea el primero en etiquetar este registro!

MARC

LEADER 00000nam a2200000 4500
001 c123715
005 20221221083420.8
041 0 |a eng 
044 |a US 
245 1 0 |a Ratchet effects in currency substitution  |b an application to the Kyrgyz Republic  |c Joannes Mongardini, Johannes Mueller 
264 1 |a Washington  |b International Monetary Fund  |c 1999 
300 |a 23 s. 
490 1 |a IMF Working Paper  |v WP/99/102 
830 0 |a IMF Working Paper  |v WP/99/102 
610 2 0 |a politika finančná 
610 2 0 |a politika peňažná 
610 2 0 |a substitúcia 
610 2 0 |a mena 
610 2 0 |a Kirgizsko 
100 1 |a Mongardini, Joannes 
700 1 |a Mueller, Johannes